000 00911nam a2200217Ia 4500
999 _c38618
_d38618
001 4798
003 GE_BSU
005 20190813115417.0
008 181216s2011||||ge |||||||||||||| ||geo||
020 _a9789941037627
040 _cGE_BSU
041 _ageo
080 _a1(44)(092)+1(37/38)+141.131+1(38)(092პლატონი)+821.353.1.09 ბ-91
100 _aბრეგვაძე, ბაჩანა
_93536
245 _aბლეზ პასკალი პლატონური დიალექტიკის შედევრი :
_bპლატონური პრელუდიები ტ.2 /
_cბაჩანა ბრეგვაძე.
264 _aთბილისი :
_bCarp dicm ;
_c2011.
300 _a516 გვ. ;
_c22 სმ.
541 _h15ლ.
653 _aპლატონური დიალექტიკის შედევრი
942 _cBK
_2udc